The Geology of North America : an overview /

Bibliographic Details
Corporate Authors: Geological Society of America, Decade of North American Geology Project
Other Authors: Bally, A. W., Palmer, Allison R.
Format: Book
Language:English
Published: Boulder, Colo. : Geological Society of America, 1989.
Series:Geology of North America ; v. A.
Subjects:

MARC

Tag First Indicator Second Indicator Subfields
LEADER 00000cam a2200000 a 4500
001 in00000792321
005 20151017065412.0
008 890405s1989 coua b 00100 eng
010 |a  89007536  
020 |a 0813752078 
035 |a (OCoLC)19589494 
035 |9 ADN6368AM 
040 |a DLC  |c DLC  |d TXA  |d UtOrBLW 
043 |a n------ 
049 |a TXAC  |d [  |v = text  |p = plates]  |v [A12489071]  |p [A12489128] 
050 0 0 |a QE71  |b .G48 1986, vol. A 
082 0 |a 557 s  |a 557  |2 20 
092 |a 550.973  |b G 
245 0 4 |a The Geology of North America :  |b an overview /  |c edited by Albert W. Bally, Allison R. Palmer. 
255 |a Scales vary. 
264 1 |a Boulder, Colo. :  |b Geological Society of America,  |c 1989. 
300 |a 1 atlas (ix, 619 pages) :  |b illustrations (some color) ;  |c 29 cm. +  |e 2 microfiches and 12 plates (folded color maps) in case. 
336 |a text  |b txt  |2 rdacontent 
337 |a unmediated  |b n  |2 rdamedia 
338 |a volume  |b nc  |2 rdacarrier 
490 1 |a The Geology of North America ;  |v v. A 
500 |a Microfiches in back pocket. 
504 |a Includes bibliographies and index. 
500 |a "One of the synthesis volumes of the Decade of North American Geology Project series".--Title page verso. 
650 0 |a Geology  |z North America. 
700 1 |a Bally, A. W. 
700 1 |a Palmer, Allison R. 
710 2 |a Geological Society of America. 
710 2 |a Decade of North American Geology Project. 
830 0 |a Geology of North America ;  |v v. A. 
999 |a MARS 
999 f f |s cd0a77f7-7a64-35b6-8283-c0fcd5b3d6b9  |i 45f43de7-9286-391f-ae05-4787f9fbf026  |t 0 
952 f f |p noncirc  |a Texas A&M University  |b College Station  |c Sterling C. Evans Library  |d Evans: Maps (2nd floor)  |t 0  |e QE71 .G48 1986 v.A  |h Library of Congress classification  |i unmediated -- volume  |k plates  |m A14812489128 
952 f f |p noncirc  |a Texas A&M University  |b College Station  |c Sterling C. Evans Library  |d Evans: Maps (2nd floor)  |t 0  |e QE71 .G48 1986 v.A  |h Library of Congress classification  |i unmediated -- volume  |k text  |m A14812489071 
952 f f |a Texas A&M University  |b College Station  |c Sterling C. Evans Library  |d Halbouty Reading Rm (Halbouty Bldg 173) (Does not check out)  |t 0  |e 550.973 G  |h Dewey Decimal classification 
998 f f |a QE71 .G48 1986 v.A  |s plates  |t 0  |l Evans: Maps (2nd floor) 
998 f f |a 550.973 G  |s plates   |t 0  |l Halbouty Reading Rm (Halbouty Bldg 173) (Does not check out)